[Event "Rosario Italia Cup"]
[Site "Rosario"]
[Date "2023.12.03"]
[Round "6"]
[White "Gonzalez, Mariano"]
[Black "Mizzau, Pablo"]
[Result "0-1"]
[WhiteElo "1985"]
[BlackElo "2151"]
[PlyCount "44"]
[EventDate "2023.12.01"]
[EventType "swiss"]
[EventRounds "6"]
[EventCountry "ARG"]
[SourceTitle "CB50_2023"]
[SourceDate "2023.12.13"]
[SourceVersion "1"]
[SourceVersionDate "2023.12.13"]
[SourceQuality "1"]

1. e4 c5 2. Nc3 Nc6 3. Bc4 e6 4. f4 Nf6 5. e5 d5 6. exd6 Bxd6 7. d3 a6 8. Nf3 Na5 9. Be3 Qc7 10. Ne2 b5 11. Bb3 Bb7 12. 0-0 Rd8 13. c3 Nxb3 14. axb3 Nd5 15. Qd2 0-0 16. Rad1 Rfe8 17. g3 Nxe3 18. Qxe3 e5 19. fxe5 Bxe5 20. Qf2 Qc6 21. d4 Bf6 22. h3 Qxf3 0-1

[Event "Santa Fe Dos Orillas op 12th"]
[Site "Santa Fe"]
[Date "2023.10.16"]
[Round "7"]
[White "Mizzau, Pablo"]
[Black "Jacinto, Ricardo"]
[Result "1-0"]
[WhiteElo "2158"]
[BlackElo "2021"]
[PlyCount "103"]
[EventDate "2023.10.13"]
[EventType "swiss"]
[EventRounds "7"]
[EventCountry "ARG"]
[SourceTitle "Mega2024 Update 01"]
[Source "Chessbase"]
[SourceDate "2023.11.12"]
[SourceVersion "1"]
[SourceVersionDate "2023.11.12"]
[SourceQuality "1"]

1. e4 c5 2. Nf3 e6 3. d4 cxd4 4. Nxd4 Nf6 5. Nc3 Nc6 6. Ndb5 d6 7. Bf4 e5 8. Bg5 a6 9. Na3 b5 10. Nd5 Be7 11. Bxf6 Bxf6 12. c3 Ne7 13. Nxf6+ gxf6 14. Bd3 f5 15. exf5 Bxf5 16. Nc2 Be6 17. Ne3 0-0 18. Qh5 f5 19. g4 Nd5 20. Nxd5 Bxd5 21. Rg1 e4 22. Bc2 Qf6 23. gxf5+ Kh8 24. 0-0-0 Bxa2 25. Bxe4 b4 26. Qg5 Rac8 27. Qxf6+ Rxf6 28. Kc2 a5 29. Rd4 Rb8 30. cxb4 d5 31. Bxd5 Bxd5 32. Rxd5 axb4 33. Rg4 b3+ 34. Kc3 Rc6+ 35. Rc4 Rh6 36. h4 Ra6 37. Rb4 Rc6+ 38. Kxb3 Rf8 39. Rc4 Rb6+ 40. Kc3 Rfb8 41. b4 Ra6 42. Rdc5 Ra3+ 43. Kd4 Rd8+ 44. Ke5 Re8+ 45. Kf6 Rf8+ 46. Kg5 Rf3 47. Rc2 Rb3 48. Rc8 Kg8 49. Rxf8+ Kxf8 50. Rc8+ Kf7 51. Rc7+ Kf8 52. Rb7 1-0

[Event "Buenos Aires 9 July op 5th"]
[Site "Buenos Aires"]
[Date "2023.05.27"]
[Round "5"]
[White "Mizzau, Pablo"]
[Black "Tempone, Marcelo"]
[Result "0-1"]
[WhiteElo "2194"]
[BlackElo "2401"]
[PlyCount "104"]
[EventDate "2023.05.25"]
[EventType "swiss"]
[EventRounds "7"]
[EventCountry "ARG"]
[SourceTitle "CBM 214 Extra"]
[Source "ChessBase"]
[SourceDate "2023.07.31"]
[SourceVersion "1"]
[SourceVersionDate "2023.07.31"]
[SourceQuality "1"]

1. e4 c6 2. d4 d5 3. Nd2 dxe4 4. Nxe4 Nf6 5. Nxf6+ exf6 6. Bc4 Nd7 7. Ne2 Bd6 8. Bf4 Nb6 9. Bb3 0-0 10. Bxd6 Qxd6 11. 0-0 Bg4 12. c3 Rae8 13. f3 Bf5 14. Re1 a5 15. Bc2 Bxc2 16. Qxc2 Qe7 17. Qc1 Nd5 18. Ng3 Qc7 19. Qd2 g6 20. Rxe8 Rxe8 21. Re1 Rxe1+ 22. Qxe1 Kg7 23. Ne4 Qe7 24. Qd2 b5 25. Nc5 a4 26. Nd3 h5 27. Kf2 Qd6 28. g3 h4 29. Ne1 Qe6 30. Ng2 hxg3+ 31. hxg3 Nb6 32. a3 Nc4 33. Qc2 Qh3 34. Qb1 Qh2 35. Qc1 Qh3 36. Qb1 g5 37. Qc1 Qh2 38. Qb1 f5 39. Qg1 Qxg1+ 40. Kxg1 Nxb2 41. Ne3 f4 42. gxf4 gxf4 43. Nc2 Nd1 44. Nb4 Nxc3 45. Nxc6 Kf6 46. Kf2 Ke6 47. Nb4 Nb1 48. Nc2 Kd5 49. Ke2 Kc4 50. d5 Nc3+ 51. Kd2 Nxd5 52. Na1 Ne3 0-1

[Event "Mar del Plata op 52nd"]
[Site "Mar del Plata"]
[Date "2023.04.08"]
[Round "8"]
[White "Mizzau, Pablo"]
[Black "Rodriguez, Jorge Luis"]
[Result "1-0"]
[WhiteElo "2154"]
[BlackElo "2338"]
[PlyCount "145"]
[EventDate "2023.04.01"]
[EventType "swiss"]
[EventRounds "9"]
[EventCountry "ARG"]
[SourceTitle "CBM 213 Extra"]
[Source "ChessBase"]
[SourceDate "2023.05.31"]
[SourceVersion "1"]
[SourceVersionDate "2023.05.31"]
[SourceQuality "1"]

1. e4 c5 2. Nf3 Nc6 3. d4 cxd4 4. Nxd4 e5 5. Nb5 d6 6. N1c3 a6 7. Na3 b5 8. Nd5 Nf6 9. Bg5 Be7 10. Bxf6 Bxf6 11. c3 Ne7 12. Nxf6+ gxf6 13. Nc2 Bb7 14. Qd3 d5 15. exd5 Qxd5 16. Ne3 Qe6 17. Rd1 f5 18. Be2 h5 19. c4 f4 20. Nd5 Bxd5 21. cxd5 Qd6 22. g3 Ng6 23. Bf3 h4 24. g4 Qb4+ 25. Rd2 0-0 26. 0-0 Rad8 27. d6 e4 28. Bxe4 Ne5 29. Qd4 Nc4 30. Qf6 Rxd6 31. Qg5+ Kh8 32. Qxh4+ Kg7 33. Qg5+ Kh8 34. Rd5 Re8 35. Qh4+ Kg7 36. Rg5+ Kf8 37. Bh7 f6 38. Rg8+ Ke7 39. Rxe8+ Kxe8 40. Bg6+ Kd8 41. Qh8+ Kc7 42. b3 Ne5 43. Rc1+ Rc6 44. Rxc6+ Nxc6 45. Qg7+ Ne7 46. Qxf6 f3 47. Qe5+ Kd8 48. Qe4 Qc5 49. Qd3+ Nd5 50. Be4 Qc1+ 51. Qf1 Nf4 52. Qxc1 Ne2+ 53. Kf1 Nxc1 54. Bb1 Ne2 55. Bd3 Nc1 56. Bb1 Ne2 57. Be4 Nc1 58. Bxf3 Nxa2 59. Ke1 Nc1 60. Bd1 Ke7 61. Kd2 Na2 62. f4 Kd6 63. Bf3 Nb4 64. h4 a5 65. h5 Ke7 66. h6 Kf7 67. g5 a4 68. bxa4 bxa4 69. Kc3 a3 70. Be4 a2 71. Kb2 Kg8 72. g6 Kf8 73. f5 1-0

[Event "Santa Fe Perez op"]
[Site "Santa Fe"]
[Date "2023.01.29"]
[Round "7"]
[White "Villarreal, Agustin"]
[Black "Mizzau, Pablo"]
[Result "1/2-1/2"]
[WhiteElo "2282"]
[BlackElo "2119"]
[PlyCount "68"]
[EventDate "2023.01.26"]
[EventType "swiss"]
[EventRounds "7"]
[EventCountry "ARG"]
[SourceTitle "CBM 212 Extra"]
[Source "ChessBase"]
[SourceDate "2023.03.31"]
[SourceVersion "1"]
[SourceVersionDate "2023.03.31"]
[SourceQuality "1"]

1. d4 d5 2. Nf3 Nf6 3. c4 e6 4. cxd5 exd5 5. Nc3 c6 6. Bg5 Be7 7. e3 Bf5 8. Bd3 Bxd3 9. Bxf6 Bxf6 10. Qxd3 Nd7 11. b4 0-0 12. 0-0 a6 13. a4 Nb6 14. b5 cxb5 15. axb5 a5 16. Rfc1 Be7 17. Rc2 Qd7 18. Ne5 Qe6 19. Ne2 Bd6 20. Nf3 a4 21. Nc3 Rfc8 22. g3 g6 23. Kg2 a3 24. Nd2 h5 25. h4 Bb4 26. Ncb1 Nc4 27. Qb3 Bd6 28. Qd3 Bxg3 29. Kxg3 Qg4+ 30. Kh2 Qxh4+ 31. Kg2 Qg4+ 32. Kh2 Qh4+ 33. Kg2 Qg4+ 34. Kh2 Qh4+ 1/2-1/2

[Event "Santa Fe Perez op"]
[Site "Santa Fe"]
[Date "2023.01.28"]
[Round "4"]
[White "Mizzau, Pablo"]
[Black "Fiorito, Fabian"]
[Result "1-0"]
[WhiteElo "2119"]
[BlackElo "2342"]
[PlyCount "128"]
[EventDate "2023.01.26"]
[EventType "swiss"]
[EventRounds "7"]
[EventCountry "ARG"]
[SourceTitle "CBM 212 Extra"]
[Source "ChessBase"]
[SourceDate "2023.03.31"]
[SourceVersion "1"]
[SourceVersionDate "2023.03.31"]
[SourceQuality "1"]

1. e4 g6 2. d4 c6 3. Nc3 d6 4. Be3 b5 5. Bd3 Bg7 6. Nf3 Nf6 7. h3 0-0 8. a4 b4 9. Ne2 a5 10. 0-0 Nbd7 11. c3 bxc3 12. bxc3 Nb6 13. Qc2 Nfd7 14. Rab1 Qc7 15. c4 c5 16. d5 e6 17. Nc3 exd5 18. Nb5 Qd8 19. exd5 Ne5 20. Nxe5 Bxe5 21. Bh6 Re8 22. f4 Bf6 23. f5 g5 24. h4 gxh4 25. Bf4 Bd7 26. Nxd6 Bxa4 27. Qa2 Rf8 28. Rxb6 Qxb6 29. Qxa4 Qb2 30. Nb5 h3 31. gxh3 Kh8 32. Rf2 Qb4 33. Qd1 Rg8+ 34. Kf1 a4 35. Bd2 Qb3 36. Qxb3 axb3 37. Bc3 Bxc3 38. Nxc3 Rg3 39. Ke2 b2 40. Nb1 Rxh3 41. Kd2 h5 42. f6 Re8 43. Bf5 Rh4 44. Kc3 Re3+ 45. Kxb2 Rxc4 46. d6 Rb4+ 47. Kc2 Rc4+ 48. Kb2 Rb4+ 49. Kc2 Rc4+ 50. Kd2 Re5 51. d7 Rd4+ 52. Kc3 Rxf5 53. Rxf5 Kh7 54. Rxc5 Rxd7 55. Nd2 Kg6 56. Ne4 Ra7 57. Kd4 h4 58. Ke3 Ra1 59. Rg5+ Kh6 60. Rg8 Kh5 61. Rg7 Ra7 62. Kf4 Kh6 63. Rg8 Kh7 64. Rg4 Ra8 1-0

[Event "Santa Fe Perez op"]
[Site "Santa Fe"]
[Date "2023.01.28"]
[Round "5"]
[White "Spata, German"]
[Black "Mizzau, Pablo"]
[Result "1/2-1/2"]
[WhiteElo "2356"]
[BlackElo "2119"]
[PlyCount "98"]
[EventDate "2023.01.26"]
[EventType "swiss"]
[EventRounds "7"]
[EventCountry "ARG"]
[SourceTitle "CBM 212 Extra"]
[Source "ChessBase"]
[SourceDate "2023.03.31"]
[SourceVersion "1"]
[SourceVersionDate "2023.03.31"]
[SourceQuality "1"]

1. d4 d5 2. c4 e6 3. Nf3 Nf6 4. Nc3 Nbd7 5. Bg5 Bb4 6. e3 c5 7. cxd5 exd5 8. Bxf6 Nxf6 9. Bb5+ Bd7 10. Bxd7+ Qxd7 11. Ne5 Qb5 12. a4 Qa6 13. dxc5 0-0 14. Nd3 Bxc3+ 15. bxc3 Ne4 16. 0-0 Rac8 17. Nb4 Qc4 18. Qxd5 Qxd5 19. Nxd5 Rxc5 20. Rfd1 Nxc3 21. Nxc3 Rxc3 22. Rd7 Rfc8 23. Rad1 Rc1 24. h3 Kf8 25. Rxc1 Rxc1+ 26. Kh2 Ra1 27. Rxb7 Rxa4 28. g4 Ra1 29. g5 h6 30. gxh6 gxh6 31. Kg3 Ra4 32. f3 Kg7 33. e4 Kg6 34. Rc7 Ra1 35. Rc6+ Kg7 36. e5 a5 37. Kg4 a4 38. Ra6 a3 39. f4 a2 40. Kf5 Kg8 41. Ra7 Kg7 42. h4 Kg8 43. h5 Kg7 44. Ra8 Kh7 45. Kf6 Rf1 46. Rxa2 Rxf4+ 47. Ke7 Rf5 48. Re2 Kg7 49. Rg2+ Rg5 1/2-1/2

[Event "Pergamino op"]
[Site "Pergamino"]
[Date "2022.12.10"]
[Round "3"]
[White "Velazco, Tomas Sebastian"]
[Black "Mizzau, Pablo"]
[Result "0-1"]
[WhiteElo "1725"]
[BlackElo "2135"]
[PlyCount "74"]
[EventDate "2022.12.09"]
[EventType "swiss"]
[EventRounds "6"]
[EventCountry "ARG"]
[SourceTitle "EXT 2024"]
[Source "ChessBase"]
[SourceDate "2023.10.10"]
[SourceVersion "1"]
[SourceVersionDate "2023.10.10"]
[SourceQuality "1"]

1. e4 c5 2. Nf3 Nc6 3. d4 cxd4 4. Nxd4 e5 5. Nb5 d6 6. N1c3 a6 7. Na3 Be6 8. Be3 Nf6 9. Nc4 b5 10. Nb6 Rb8 11. Nbd5 Bxd5 12. Nxd5 Nxd5 13. Qxd5 Qc7 14. a3 Be7 15. Rc1 Na5 16. b4 Nc4 17. Bxc4 bxc4 18. c3 0-0 19. a4 Qd7 20. a5 Qe6 21. Rd1 Rb5 22. Qc6 Qc8 23. Qxc8 Rxc8 24. Bb6 f6 25. Ke2 Kf7 26. Rd2 Ke6 27. Rhd1 Kd7 28. h4 Kc6 29. h5 Re8 30. g4 Rb8 31. Rd5 Rxd5 32. Rxd5 Bd8 33. Bxd8 Rxd8 34. Kd2 g6 35. Ke3 f5 36. gxf5 gxf5 37. Rd1 fxe4 0-1

[Event "Pergamino op"]
[Site "Pergamino"]
[Date "2022.12.09"]
[Round "1"]
[White "Pascucci, Joaquin"]
[Black "Mizzau, Pablo"]
[Result "1/2-1/2"]
[WhiteElo "1608"]
[BlackElo "2135"]
[PlyCount "134"]
[EventDate "2022.12.09"]
[EventType "swiss"]
[EventRounds "6"]
[EventCountry "ARG"]
[SourceTitle "EXT 2024"]
[Source "ChessBase"]
[SourceDate "2023.10.10"]
[SourceVersion "1"]
[SourceVersionDate "2023.10.10"]
[SourceQuality "1"]

1. e4 d6 2. d4 Nf6 3. Nc3 e5 4. dxe5 dxe5 5. Qxd8+ Kxd8 6. Bg5 Be6 7. 0-0-0+ Nbd7 8. Nf3 Kc8 9. a3 Bc5 10. Bh4 Ng4 11. Rd2 f6 12. h3 Nh6 13. Be2 Nf7 14. Rhd1 c6 15. Nh2 h5 16. Na4 Be7 17. Nf1 b5 18. Nc3 Nb6 19. Ne3 g6 20. f3 Kc7 21. Bf2 Rad8 22. Nb1 Nd6 23. b3 Nb7 24. Kb2 Ra8 25. Nc3 Bc5 26. Rd3 a5 27. Bh4 Rhf8 28. g4 b4 29. axb4 axb4 30. Na2 Bd4+ 31. Rxd4 exd4 32. Rxd4 c5 33. Rd1 hxg4 34. hxg4 Rad8 35. Bd3 Nd6 36. e5 Ne8 37. exf6 Nxf6 38. Re1 Rde8 39. Bxg6 Bf7 40. Bxf7 Rxf7 41. Bxf6 Rxf6 42. Nd5+ Nxd5 43. Rxe8 Rxf3 44. Nc1 Nc3 45. Nd3 Rg3 46. Re1 Kd6 47. Rh1 Ne4 48. Rh6+ Kd5 49. Nf4+ Ke5 50. Nd3+ Kd4 51. Rh4 Ke3 52. Rh1 Rxg4 53. Ne5 Rg2 54. Nc4+ Ke2 55. Rh3 Nc3 56. Re3+ Kf2 57. Rd3 Ne4 58. Nd2 Nc3 59. Rxc3 bxc3+ 60. Kxc3 Ke1 61. Ne4 Kd1 62. Nxc5 Rxc2+ 63. Kd4 Rh2 64. b4 Kc2 65. b5 Rh4+ 66. Kd5 Rh6 67. Ne6 Rh5+ 1/2-1/2

[Event "Corrientes Mayor Rosarino op"]
[Site "Corrientes"]
[Date "2022.10.10"]
[Round "9"]
[White "Abramor, Franco"]
[Black "Mizzau, Pablo"]
[Result "0-1"]
[WhiteElo "2267"]
[BlackElo "2191"]
[PlyCount "82"]
[EventDate "2022.10.06"]
[EventType "swiss"]
[EventRounds "9"]
[EventCountry "ARG"]
[SourceTitle "CBM 210 Extra"]
[Source "ChessBase"]
[SourceDate "2022.11.30"]
[SourceVersion "1"]
[SourceVersionDate "2022.11.30"]
[SourceQuality "1"]

1. e4 c5 2. Nf3 Nc6 3. Bb5 e6 4. 0-0 Nge7 5. Re1 a6 6. Bf1 d5 7. exd5 Nxd5 8. d4 Nf6 9. c3 cxd4 10. cxd4 Be7 11. Nc3 0-0 12. Bg5 b5 13. Qd2 Bb7 14. Rad1 Rc8 15. Ne5 Rc7 16. Re3 b4 17. Na4 Nxe5 18. dxe5 Qxd2 19. Rxd2 Nd5 20. Bxe7 Rxe7 21. Re1 Rc7 22. Red1 g6 23. b3 Nc3 24. Nxc3 bxc3 25. Rd4 Rc5 26. f4 Ra5 27. a4 Bd5 28. Bc4 Rb8 29. Rc1 Bxc4 30. bxc4 Rxa4 31. Rxc3 Rb2 32. h3 Raa2 33. Rg3 Rc2 34. h4 Kg7 35. Rd7 Rc1+ 36. Kh2 Rxc4 37. Rf3 Rcc2 38. Rg3 Ra4 39. Rf3 h5 40. f5 Rxh4+ 41. Kg1 gxf5 0-1

[Event "Mar del Plata op 51st"]
[Site "Mar del Plata"]
[Date "2022.04.14"]
[Round "7"]
[White "Mizzau, Pablo"]
[Black "Tristan, Leonardo"]
[Result "0-1"]
[WhiteElo "2259"]
[BlackElo "2553"]
[PlyCount "90"]
[EventDate "2022.04.09"]
[EventType "swiss"]
[EventRounds "9"]
[EventCountry "ARG"]
[SourceTitle "CBM 208 Extra"]
[Source "ChessBase"]
[SourceDate "2022.07.31"]
[SourceVersion "1"]
[SourceVersionDate "2022.07.31"]
[SourceQuality "1"]

1. e4 g6 2. d4 Bg7 3. Nf3 d6 4. Nc3 a6 5. Be3 b5 6. Bd3 Bb7 7. a4 b4 8. Ne2 Nf6 9. Ng3 Nbd7 10. 0-0 c5 11. c3 0-0 12. Nd2 cxd4 13. cxd4 e5 14. d5 a5 15. Rc1 h5 16. f3 h4 17. Ne2 Nh5 18. Bb5 Nc5 19. Nb3 Nxb3 20. Qxb3 Rc8 21. Bc6 Ba6 22. Bb5 Bxb5 23. axb5 Rb8 24. b6 Nf4 25. Nxf4 exf4 26. Bf2 Rxb6 27. Bxb6 Qxb6+ 28. Kh1 Ra8 29. Rc4 Qe3 30. Qxe3 fxe3 31. Rb1 f5 32. g3 h3 33. Kg1 fxe4 34. fxe4 Rf8 35. Rf1 Bxb2 36. Rxf8+ Kxf8 37. Rc8+ Kf7 38. Ra8 Bc3 39. Kf1 b3 40. Rb8 Bb4 41. e5 dxe5 42. Rb7+ Kf6 43. Rb6+ Kf5 44. g4+ Ke4 45. d6 b2 0-1

[Event "Concepcion del Uruguay op"]
[Site "Concepcion del Uruguay"]
[Date "2019.05.04"]
[Round "4"]
[White "Mizzau, Pablo"]
[Black "Pichot, Alan"]
[Result "0-1"]
[WhiteElo "2208"]
[BlackElo "2569"]
[PlyCount "92"]
[EventDate "2019.05.03"]
[EventType "swiss"]
[EventRounds "6"]
[EventCountry "ARG"]
[SourceTitle "CBM 190 Extra"]
[Source "ChessBase"]
[SourceDate "2019.07.15"]
[SourceVersion "1"]
[SourceVersionDate "2019.07.15"]
[SourceQuality "1"]

1. e4 c5 2. Nf3 Nc6 3. d4 cxd4 4. Nxd4 Nf6 5. Nc3 d6 6. Bg5 e6 7. Qd2 a6 8. 0-0-0 Bd7 9. f4 b5 10. Bxf6 gxf6 11. f5 Nxd4 12. Qxd4 Bh6+ 13. Kb1 Bf4 14. Ne2 Be5 15. Qd2 exf5 16. exf5 Bxf5 17. Nf4 Rc8 18. Bd3 Bg6 19. h4 Qb6 20. Rhf1 Rc4 21. h5 Bxd3 22. Nxd3 Rg8 23. Nxe5 fxe5 24. Qd5 Qc7 25. Rd2 Rgg4 26. b3 Rcf4 27. Rfd1 Rf6 28. Qa8+ Ke7 29. Qxa6 b4 30. Qe2 Qc8 31. Qd3 Rd4 32. Qe3 Rxd2 33. Qxd2 Qc5 34. Qd3 h6 35. Kb2 Rf2 36. Rd2 Rxd2 37. Qxd2 e4 38. Qe1 e3 39. c3 Qe5 40. Kc2 Qe4+ 41. Kc1 bxc3 42. Qxc3 e2 43. Qe1 Qe3+ 44. Kb1 d5 45. g4 d4 46. g5 Qd3+ 0-1

[Event "ARG-ch sf 94th"]
[Site "Buenos Aires"]
[Date "2019.04.04"]
[Round "6"]
[White "Mizzau, Pablo"]
[Black "Echeguren, Gustavo Fabian"]
[Result "1-0"]
[WhiteElo "2200"]
[BlackElo "2018"]
[PlyCount "57"]
[EventDate "2019.03.30"]
[EventType "swiss"]
[EventRounds "9"]
[EventCountry "ARG"]
[SourceTitle "CBM 189 Extra"]
[Source "ChessBase"]
[SourceDate "2019.06.03"]
[SourceVersion "1"]
[SourceVersionDate "2019.06.03"]
[SourceQuality "1"]

1. e4 c5 2. Nf3 d6 3. d4 cxd4 4. Nxd4 Nf6 5. Nc3 a6 6. h3 e5 7. Nde2 Be7 8. g4 h6 9. Bg2 b5 10. 0-0 Bb7 11. Ng3 g6 12. Be3 Nbd7 13. Qd2 h5 14. g5 Nh7 15. h4 Nb6 16. b3 f6 17. Bxb6 Qxb6 18. Nd5 Qd8 19. f4 Bxd5 20. Qxd5 Qb6+ 21. Kh2 Rc8 22. f5 fxg5 23. fxg6 Nf6 24. Rxf6 Bxf6 25. Qf7+ Kd8 26. Qxf6+ Kc7 27. g7 Rhg8 28. Qxg5 Kb8 29. Nf5 1-0

[Event "San Luis Betania op 3rd"]
[Site "San Luis"]
[Date "2019.02.01"]
[Round "1"]
[White "Boccia, Nicolas"]
[Black "Mizzau, Pablo"]
[Result "0-1"]
[WhiteElo "1765"]
[BlackElo "2200"]
[PlyCount "92"]
[EventDate "2019.02.01"]
[EventType "swiss"]
[EventRounds "6"]
[EventCountry "ARG"]
[SourceTitle "EXT 2020"]
[Source "ChessBase"]
[SourceDate "2019.10.17"]
[SourceVersion "1"]
[SourceVersionDate "2019.10.17"]
[SourceQuality "1"]

1. d4 d5 2. Bf4 Nf6 3. e3 c5 4. c3 Nc6 5. Bd3 Qb6 6. Qc2 c4 7. Be2 Bf5 8. Qc1 e6 9. Nf3 Qd8 10. Nbd2 Bd6 11. Bg3 0-0 12. Ne5 Bxe5 13. dxe5 Nd7 14. f4 Nc5 15. 0-0 b5 16. Be1 b4 17. g4 Bd3 18. Bxd3 Nxd3 19. Qc2 bxc3 20. bxc3 Rb8 21. Rb1 Qa5 22. Bf2 Qa3 23. Nf3 Nc5 24. Ng5 Nd3 25. e4 h6 26. exd5 exd5 27. Nh3 f6 28. Be3 Rb2 29. Rxb2 Qxb2 30. Qxb2 Nxb2 31. Rb1 Na4 32. Bd2 Rd8 33. Nf2 d4 34. cxd4 Nxd4 35. Be3 Nc2 36. Bc1 Rd5 37. Kg2 a5 38. Rb8+ Kh7 39. Rc8 Rc5 40. Rxc5 Nxc5 41. Bd2 a4 42. a3 Nb3 43. Ne4 Nxa3 44. Bc3 Nb5 45. Bb2 a3 46. Bxa3 Nxa3 0-1

[Event "Santa Fe Litoral op"]
[Site "Santa Fe"]
[Date "2018.10.28"]
[Round "5.3"]
[White "Mizzau, Pablo"]
[Black "Rodriguez Vila, Andres"]
[Result "1/2-1/2"]
[WhiteElo "2101"]
[BlackElo "2489"]
[PlyCount "133"]
[EventDate "2018.10.26"]
[EventType "swiss"]
[EventRounds "6"]
[EventCountry "ARG"]
[SourceTitle "EXT 2024"]
[Source "ChessBase"]
[SourceDate "2023.10.10"]
[SourceVersion "1"]
[SourceVersionDate "2023.10.10"]
[SourceQuality "1"]

1. e4 e5 2. Nf3 Nc6 3. Bb5 a6 4. Ba4 Nf6 5. 0-0 b5 6. Bb3 Bc5 7. d3 d6 8. a4 Rb8 9. c3 Bg4 10. Re1 0-0 11. Nbd2 Re8 12. h3 Bh5 13. Nf1 b4 14. Bc4 Na5 15. Bxa6 bxc3 16. bxc3 c6 17. Be3 Qb6 18. Bxc5 Qxc5 19. Ng3 Rb6 20. Bc4 Nxc4 21. dxc4 Rd8 22. Nxh5 Nxh5 23. Nd2 Nf4 24. Rb1 Nd3 25. Rf1 Nb2 26. Qc2 Rdb8 27. Ra1 Nxc4 28. Nxc4 Qxc4 29. Rfb1 g6 30. Rxb6 Rxb6 31. a5 Ra6 32. Qb2 Kg7 33. Qb4 Qd3 34. Ra4 h5 35. Qc4 Qxc4 36. Rxc4 Kf6 37. Ra4 Ke6 38. c4 Kd7 39. h4 Kc7 40. Kf1 Ra7 41. Ke2 Rb7 42. Ra2 f5 43. exf5 gxf5 44. a6 Ra7 45. g3 Kb6 46. f3 Kc5 47. Ra4 Kd4 48. Kd2 c5 49. Ke2 e4 50. fxe4 Kxe4 51. Ra3 f4 52. gxf4 Kxf4 53. Kf2 Ra8 54. a7 Ke4 55. Ra6 Kd4 56. Rxd6+ Kxc4 57. Rd7 Kb5 58. Ke3 Kb6 59. Rh7 Rxa7 60. Rxh5 Rd7 61. Rh8 Kb7 62. h5 c4 63. h6 Rd3+ 64. Ke2 Rh3 65. Kd2 Kc7 66. Kc2 Kb7 67. Kd2 1/2-1/2

[Event "Santa Fe Litoral op"]
[Site "Santa Fe"]
[Date "2018.10.27"]
[Round "3.5"]
[White "Mizzau, Pablo"]
[Black "Zapata Charles, Santiago"]
[Result "1/2-1/2"]
[WhiteElo "2101"]
[BlackElo "2315"]
[PlyCount "49"]
[EventDate "2018.10.26"]
[EventType "swiss"]
[EventRounds "6"]
[EventCountry "ARG"]
[SourceTitle "EXT 2024"]
[Source "ChessBase"]
[SourceDate "2023.10.10"]
[SourceVersion "1"]
[SourceVersionDate "2023.10.10"]
[SourceQuality "1"]

1. e4 e5 2. Nf3 Nc6 3. Nc3 Nf6 4. d4 exd4 5. Nxd4 Bb4 6. Nxc6 bxc6 7. Bd3 d6 8. 0-0 Be6 9. Ne2 Bc5 10. c3 Ng4 11. Nd4 Bd7 12. Be2 Qh4 13. Bf4 Ne5 14. Qd2 Bxd4 15. cxd4 Ng6 16. Bg5 Qxe4 17. Bf3 Qf5 18. Rfe1+ Kf8 19. Be4 Qb5 20. a4 Qb6 21. b4 Rb8 22. a5 Qb5 23. Bd3 Qd5 24. Be4 Qb5 25. Bd3 1/2-1/2

[Event "Sarmiento Erbe Memorial 3rd"]
[Site "Sarmiento"]
[Date "2018.09.21"]
[Round "1.4"]
[White "Mizzau, Pablo"]
[Black "Robba, Osmar"]
[Result "1-0"]
[WhiteElo "2064"]
[BlackElo "1696"]
[PlyCount "89"]
[EventDate "2018.09.21"]
[EventType "swiss"]
[EventRounds "6"]
[EventCountry "ARG"]
[SourceTitle "EXT 2024"]
[Source "ChessBase"]
[SourceDate "2023.10.10"]
[SourceVersion "1"]
[SourceVersionDate "2023.10.10"]
[SourceQuality "1"]

1. e4 e5 2. Bc4 Bc5 3. Nf3 Nc6 4. c3 d6 5. 0-0 h6 6. d4 exd4 7. cxd4 Bb6 8. h3 Nge7 9. Nc3 0-0 10. Be3 a6 11. a4 a5 12. Qd2 Kh7 13. Rac1 Ng6 14. Bb3 Nce7 15. d5 Bxe3 16. Qxe3 Bd7 17. Rfd1 f6 18. Nd4 f5 19. Ncb5 Rc8 20. Bc2 f4 21. Qc3 Ne5 22. f3 Rf6 23. Qxa5 Rg6 24. Kh2 b6 25. Qd2 Rf6 26. Bb3 c5 27. Ne6 Bxe6 28. dxe6 c4 29. Nxd6 Rc6 30. Nxc4 Qb8 31. Nxe5 Rxc1 32. Nd7 Rxd1 33. Qxd1 Qe8 34. Nxf6+ gxf6 35. Qd2 Qb8 36. Qd7 Qf8 37. Qc7 Kg6 38. Qxf4 h5 39. e5 f5 40. h4 Kh7 41. Qg5 Qe8 42. Bc2 Qf8 43. Qxh5+ Kg7 44. Qg5+ Kh8 45. Qf6+ 1-0

[Event "Santa Fe Rafaela U2200 op"]
[Site "Santa Fe"]
[Date "2018.09.16"]
[Round "5.2"]
[White "Mizzau, Pablo"]
[Black "Canelo, Jose Luis"]
[Result "1/2-1/2"]
[WhiteElo "2064"]
[BlackElo "1933"]
[PlyCount "91"]
[EventDate "2018.09.14"]
[EventType "swiss"]
[EventRounds "7"]
[EventCountry "ARG"]
[SourceTitle "EXT 2024"]
[Source "ChessBase"]
[SourceDate "2023.10.10"]
[SourceVersion "1"]
[SourceVersionDate "2023.10.10"]
[SourceQuality "1"]

1. Nf3 d5 2. c4 c6 3. g3 Nf6 4. Bg2 e6 5. 0-0 Be7 6. d4 Nbd7 7. Qc2 0-0 8. Nc3 dxc4 9. Rd1 h6 10. Ne5 Nb6 11. Bf4 g5 12. Bc1 Nfd5 13. Ne4 f5 14. Nc3 Nb4 15. Qb1 Bf6 16. b3 N4d5 17. Bb2 cxb3 18. axb3 Qc7 19. e4 Nxc3 20. Bxc3 Qg7 21. Ba5 Nd7 22. Bb4 Re8 23. Nxd7 Bxd7 24. e5 Be7 25. Bxe7 Qxe7 26. Qc2 a6 27. Qc5 Qxc5 28. dxc5 Red8 29. f4 Kf7 30. Kf2 gxf4 31. gxf4 Ke7 32. Bf3 Rg8 33. Rg1 Raf8 34. Ke3 Be8 35. Rad1 Bf7 36. Be2 Rd8 37. b4 Rxg1 38. Rxg1 Rb8 39. Kd4 Rd8+ 40. Kc3 Rd5 41. Rg3 a5 42. Rd3 axb4+ 43. Kxb4 Rxd3 44. Bxd3 Kd8 45. Be2 Kc7 46. Ka5 1/2-1/2